000 00291nam a22001337a 4500
008 181206b xxu||||| |||| 00| 0 eng d
020 _a0910701954
041 _aeng
080 _a610
100 _a4
101 _aSHM
245 _aManaged Care In Medicad
_cHurley.R.E
942 _2udc
_cBK
999 _c52952
_d52952